BREAK BAD HABIT

Bibliographic Details
Main Author: Fatima Haider (Author)
Format: Book
Language:English
Published: Petaling Jaya, Selangor : PEP PUBLICATIONS SDN. BHD. 2020
Series:Moral stories
Subjects:

MARC

LEADER 00000cam a2200000 7i4500
001 0000139219
005 20210211.0
008 200813s2020 my a jx 000 f eng d
020 |a 9789672358060 
040 |a PERPUSTAM   |b eng   |c PERPUSTAM   |e rda 
090 0 0 |a J 428.6   |b FAT 
100 0 |a Fatima Haider ,   |e author 
245 1 0 |a BREAK BAD HABIT   |c Fatima Haider 
264 1 |a Petaling Jaya, Selangor :   |b PEP PUBLICATIONS SDN. BHD.   |c 2020 
300 |a 22 pages :   |b illustrations ;   |c 22 cm. 
336 |a text  |2 rdacontent 
337 |a unmediated  |2 rdamedia 
338 |a volume  |2 rdacarrier 
490 1 |a MORAL STORIES 
500 |a Includes questions and exercises 
650 1 0 |a Readers 
650 2 0 |a Children's stories, English 
650 2 0 |a Didactic fiction, English 
650 2 0 |a English fiction 
830 0 |a Moral stories 
999 |a 0000658215   |b Buku   |c Koleksi Pinjaman Kanak-Kanak   |e Perbadanan Perpustakaan Awam Melaka 
999 |a 0000658216   |b Buku   |c Koleksi Pinjaman Kanak-Kanak   |e Perpustakaan Cawangan Jasin 
999 |a 0000658217   |b Buku   |c Koleksi Pinjaman Kanak-Kanak   |e Perpustakaan Cawangan Masjid Tanah 
999 |a 0000658218   |b Buku   |c Koleksi Pinjaman Kanak-Kanak   |e Perpustakaan Cawangan Merlimau 
999 |a 0000658219   |b Buku   |c Koleksi Pinjaman Kanak-Kanak   |e Perbadanan Perpustakaan Awam Melaka 
999 |a 0000658220   |b Buku   |c Koleksi Pinjaman Kanak-Kanak   |e Perbadanan Perpustakaan Awam Melaka 
999 |a 0000658221   |b Buku   |c Koleksi Pinjaman Kanak-Kanak   |e Perpustakaan Komuniti UTC Melaka 
999 |a 0000658222   |b Buku   |c Koleksi Pinjaman Kanak-Kanak   |e Perbadanan Perpustakaan Awam Melaka 
999 |a 0000658223   |b Buku   |c Koleksi Pinjaman Kanak-Kanak   |e Perbadanan Perpustakaan Awam Melaka 
999 |a 0000658224   |b Buku   |c Koleksi Pinjaman Kanak-Kanak   |e Perbadanan Perpustakaan Awam Melaka 
999 |a 0000658225   |b Buku   |c Koleksi Pinjaman Kanak-Kanak   |e Perpustkaan Desa Lubuk China